Punto y linea sobre el plano / (Registro nro. 12133)

Detalles MARC
000 -LEADER
longitud fija campo de control 01218Cam#a22003255a#4500
003 - IDENTIFICADOR DE NUMERO DE CONTROL
control del campo AR-RoUNA
005 - FECHA DE LA ULTIMA MODIFICACION
control del campo 20251013083705.0
008 - CAMPO DE CONTROL - LIBROS
longitud fija campo de control 140529s1986||||a ||||f |||| 0|spa d
020 ## - INTERNATIONAL STANDARD BOOK NUMBER
ISBN 9789507222924
040 ## - ORIGEN DE LA CATALOGACION
Agencia que cataloga la obra original AR-RoUNA
Idioma en que se cataloga spa
041 ## - CODIGO DE IDIOMA
Codigo de idioma del texto / sonido o titulo separado spa
Codigo de idioma de la traduccion original y / o intermedios de texto spa
044 ## - CODIGO DE PAIS / ENTIDAD PRODUCTORA
Codigo MARC del pais sp
080 ## - CDU
Numero de clasificacion 7.02
092 ## - SIGNATURA TOPOGRAFICA
Libristica K 16
Numero de clasificacion 7.02
Seccion Sala
100 1# - ASIENTO PRINCIPAL - NOMBRE PERSONAL
Nombre personal Kandinsky, Vassily
Fechas asociadas con el nombre 1866-1944
9 (RLIN) 654
245 1# - TITULO PROPIAMENTE DICHO
Titulo Punto y linea sobre el plano /
Mencion de responsabilidad, etc Vassili Kandinsky; traducido por Melina Trento
250 ## - MENCION DE EDICION
Edicion declarada 1a. ed.
260 ## - EDITORIAL - PUBLICACION, DISTRIBUCION, ETC. (Pie de imprenta)
Lugar de publicacion, distribucion, etc Buenos Aires, Argentina :
Nombre del editor, distribuidor, etc Andromeda,
Fecha de publicacion 2007
300 ## - DESCRIPCION FISICA
Extension 189 p. :
Otros detalles fisicos gráficos,
-- il.,
Dimensiones 20x13 cm
504 0# - NOTA DE BIBLIOGRAFIA
Nota de bibliografia, etc. Wassily Kandinsky se le conoce también como Vasili porque es una transcripción del nombre ruso al español, donde "Vasili" es la forma castellanizada de su nombre propio, a diferencia de la forma en inglés o alemán "Wassily" o "Wassili" que también se usa frecuentemente para referirse al artista..
650 4# - MATERIA - TERMINO TEMATICO
Término temático general Arte contemporaneo
650 4# - MATERIA - TERMINO TEMATICO
Término temático general Pinturas
650 4# - MATERIA - TERMINO TEMATICO
Término temático general Tecnicas
700 ## - ENTRADA SECUNDARIA - NOMBRES PERSONALES
Nombre personal Trento, Meliana
Función tr.
9 (RLIN) 27451
908 ## - SOPORTE
Soporte Imp
930 ## - ACCESION
Numero de accesion (NR) 12246
942 ## - FUENTE DE CLASIFICACION
Clasificacion Universal Decimal Classification
Tipo de item Libro
945 ## - INFORMACION DE PROCESAMIENTO
Codigo del operador MIA
Fecha de ingreso o modificacion 2018-12-20
980 ## - DECLARACIÓN DE EQUIVALENCIA O SERIE DE REFERENCIA CRUZADA - NOMBRE / TÍTULO PERSONAL [LOCAL, CANADÁ]
Código del operador 1
Nombre del operador Maricel Allasia
Código del operador que modifico el registro 5
Nombre del operador que modifico el registro María Machado
Existencias
Estado retiro Estado perdido Sistema de clasificacion Estado general Restricciones de uso Biblioteca de origen Ubicacion actual Localizacion en estante Fecha de adquisicion Fuente de adquisicion Prestamos totales Signatura y librística Proveedor Numero de ejemplar Tipo de elemento KOHA Nota no publica
Disponible Disponible cdu No dañado Ningun uso de restricciones Arq. Hilarión H. Larguia Arq. Hilarión H. Larguia Sala 22/09/2025 Don 2 7.02 K16 18382 ej. 2 Libro